Landen die het dichtst bij Letland liggen - Statistieken

Algemene statistieken
  • Deze quiz is 22 keer genomen
  • De gemiddelde score is 19 van 20
Antwoordstatistieken
km land % Correct
0 Belarus
100%
497 Duitsland
100%
0 Estland
100%
213 Finland
100%
0 Litouwen
100%
190 Polen
100%
0 Rusland
100%
726 Slowakije
100%
677 Tsjechië
100%
144 Zweden
100%
385 Denemarken
94%
833 Hongarije
94%
599 Noorwegen
94%
467 Oekraïne
94%
824 Roemenië
94%
1102 Servië
94%
942 Nederland
88%
1073 Slovenië
88%
862 Oostenrijk
82%
808 Moldavië
76%
Geen overeenkomende quizzen gevonden
Scoreverdeling
Procent van Mensen met Elke Score
Percentiel versus Aantal Correcte Antwoorden
Uw Scoregeschiedenis
U heeft deze quiz nog niet genomen